000 00279nam a2200133Ia 4500
082 _a618.1
_bG09K
100 _aKHAN,RL
245 _aFIVE TEACHERS GYNAECOLOGY
250 _a3RD
260 _bCBS
_aDELHI
_c2009
300 _a1-387
650 _aOBST & GYNAECOLOGY
942 _2ddc
_cBK
999 _c333
_d333